Untersuchungen zum Buch Amos (Запись № 2927849)

Подробности
000 -МАРКЕР
контрольное поле 01245nam0a2200325 4500
001 - ИДЕНТИФИКАТОР ЗАПИСИ
контрольное поле RU\NLR\b_ik\118668
005 - ИДЕНТИФИКАТОР ВЕРСИИ
контрольное поле 20260408234833.0
035 ## - ДРУГИЕ СИСТЕМНЫЕ НОМЕРА
Идентификатор записи (NLR Aleph) 002192242
100 ## - ДАННЫЕ ОБЩЕЙ ОБРАБОТКИ
Данные общей обработки 20041019d1901 |||y0rusy50 ca
101 0# - ЯЗЫК РЕСУРСА
Язык текста, звукозаписи и т.д. немецкий
102 ## - СТРАНА ПУБЛИКАЦИИ ИЛИ ПРОИЗВОДСТВА
Страна публикации российская федерация
105 ## - ПОЛЕ КОДИРОВАННЫХ ДАННЫХ: ТЕКСТОВЫЕ МАТЕРИАЛЫ, МОНОГРАФИЧЕСКИЕ
Кодированные данные о монографическом текстовом документе y |||||||||
200 1# - ЗАГЛАВИЕ И СВЕДЕНИЯ ОБ ОТВЕТСТВЕННОСТИ
Основное заглавие Untersuchungen zum Buch Amos
Первые сведения об ответственности Von Dr. theol. et phil. Max Löhr
210 ## - ПУБЛИКАЦИЯ, РАСПРОСТРАНЕНИЕ И ДР.
Место издания, распространения и т.д. Gieβen
Имя издателя, распространителя и т. д. Ricker'sche Verlagsbuchh. (Töpelmann)
Дата издания, распространения и т.д. 1901
215 ## - ФИЗИЧЕСКАЯ ХАРАКТЕРИСТИКА
Специфическое обозначение материала и объем [5], 67 c.
Размеры 22
225 1# - СЕРИЯ
Основное заглавие серии Beihefte zur Zeitschrift für die alttestamentliche Wissenschaft
Обозначение тома 4
320 ## - ПРИМЕЧАНИЯ О НАЛИЧИИ В ДОКУМЕНТЕ БИБЛИОГРАФИИ / УКАЗАТЕЛЯ
Текст примечания Библиогр. в подстроч. примеч.
500 ## - УНИФИЦИРОВАННОЕ ЗАГЛАВИЕ
-- lat
Унифицированное заглавие Biblia
Наименование раздела или части V.T.
-- Amos
Графика поля Латинская
Идентификатор авторитетной / нормативной записи RU\NLR\AUTH\559084
Системный номер авторитетной/нормативной записи 2631139
541 0# - ПЕРЕВОД ЗАГЛАВИЯ, СДЕЛАННЫЙ КАТАЛОГИЗАТОРОМ
Заглавие Исследование Книги Амоса
Язык заглавия русский
605 ## - ЗАГЛАВИЕ КАК ПРЕДМЕТ
Начальный элемент ввода Библия
Наименование части Ветхий Завет
-- Книга Амоса
Тематический подзаголовок Исследование текста
Системный номер авторитетной/нормативной записи 2347407
Идентификатор авторитетной/нормативной записи RU\NLR\AUTH\661402687
686 0# - ИНДЕКСЫ ДРУГИХ КЛАССИФИКАЦИЙ
Индекс Э37-210.914
700 #1 - ИМЯ ЛИЦА - ПЕРВИЧНАЯ ОТВЕТСТВЕННОСТЬ
Начальный элемент ввода Löhr
Часть имени, кроме начального элемента ввода M. R.H.
Даты 1864-1931
Расширение инициалов личного имени Max Richard Hermann
Код отношения Автор
801 #0 - ИСТОЧНИК ЗАПИСИ
Страна российская федерация
Организация NLR
Дата составления 20041019
Правила каталогизации PSBO
852 ## - МЕСТОНАХОЖДЕНИЕ И ШИФР ХРАНЕНИЯ
Идентификатор организации NLR
Шифр хранения (Call Number) P37/403прил.
942 ## - ДОПОЛНИТЕЛЬНЫЕ ЭЛЕМЕНТЫ ЗАПИСИ (АБИС)
Тип экземпляра АБИС Книга
980 ## - КОЛЛЕКЦИЯ
Название коллекции Национальная библиография
Экземпляры
Тип экземпляра Дата поступления Библиотека постоянного хранения Библиотека текущего хранения Место хранения Шифр хранения Штрих-код Статус не для выдачи
Книга 26.10.2013 РНБ (Садовая) РНБ (Садовая) Иностранный книжный фонд, главное здание (Садовая) 15.62-S.1прил. 2192242-10